Govt. of
Madhya Pradesh

Hindu Holidays and Ceremonial (Record no. 39003)

MARC details
000 -LEADER
fixed length control field 004920000a22001690004500
003 - CONTROL NUMBER IDENTIFIER
control field MACL
005 - DATE AND TIME OF LATEST TRANSACTION
control field 20151231145939.0
008 - FIXED-LENGTH DATA ELEMENTS--GENERAL INFORMATION
fixed length control field 151231b xxu||||| |||| 00| 0 eng d
040 ## - CATALOGING SOURCE
Original cataloging agency MACL
Transcribing agency MACL
041 ## - LANGUAGE CODE
Language code of text/sound track or separate title English
082 ## - DEWEY DECIMAL CLASSIFICATION NUMBER
Classification number 394.26/GUP
100 ## - MAIN ENTRY--PERSONAL NAME
Personal name Bupte, Rai Bahadur B A
9 (RLIN) 25794
245 ## - TITLE STATEMENT
Title Hindu Holidays and Ceremonial
Remainder of title Dissertations on Origin Folklore and Symbols
260 ## - PUBLICATION, DISTRIBUTION, ETC. (IMPRINT)
Name of publisher, distributor, etc. Thacker Spink and Co
Date of publication, distribution, etc. 1919
Place of publication, distribution, etc. Calcutta
650 ## - SUBJECT ADDED ENTRY--TOPICAL TERM
Topical term or geographic name as entry element Sociology
9 (RLIN) 25795
942 ## - ADDED ENTRY ELEMENTS (KOHA)
Koha item type Books
Call number prefix 394.26/GUP
Source of classification or shelving scheme
Holdings
Withdrawn status Lost status Source of classification or shelving scheme Damaged status Not for loan Home library Current library Date acquired Total Checkouts Full call number Barcode Date last seen Uniform Resource Identifier Price effective from Koha item type
          MACL MACL 15/04/2015   394.26/GUP CLE014112 29/04/2015 39227 15/04/2015 Books